Loading...

Understanding NET

Bibliographic Details
Main Author: Chappell, David
Format: Printed Book
Published: Boston Addison-Wesley 2006
Edition:2nd
Subjects:
LEADER 00566nam a22001817a 4500
020 |a 9780321194046 
082 |a 005.276 8  |b CHA/U 
100 |a Chappell, David 
245 |a Understanding NET 
250 |a 2nd 
260 |a Boston  |b Addison-Wesley  |c 2006 
300 |a 317p. 
650 |a NET frame work 
650 |a Internet programming 
650 |a Computer software development 
942 |c BK 
999 |c 34281  |d 34281 
952 |0 0  |1 0  |4 0  |6 005_276000000000000_8_CHAU  |7 0  |8 Stack  |9 36270  |a KUCL  |b KUCL  |c Stack  |d 2015-08-13  |g 39.99  |l 0  |o 005.276 8 CHA/U  |p 31244  |r 2015-08-18  |w 2015-08-13  |y BK